Life in the oceans

Bibliographic Details
Main Author: Baker, Lucy
Format: Book
Published: London : Two-Can Publishing , 1991
Subjects:

MARC

LEADER 00000cam a2200000 7i4500
001 0000009690
002 000010555
005 20011016.0
020 |a 1854340433 
090 0 0 |a 591   |b JUM 
100 1 |a Baker, Lucy 
245 1 0 |a Life in the oceans   |c Lucy Baker 
260 |a London :   |b Two-Can Publishing ,   |c 1991 
300 |a 31 p. :   |b ill. ;   |c 31 cm. 
650 0 0 |a Oceans   |x Organisms   |x Juvenile literature 
999 |a 024444   |b BUKU   |c JUNIOR BOOKS   |e PERPUSTAKAAN KOMUNITI PETALING JAYA